00890nam a2200241u 450000100060000000300080000600500170001400800410003103500190007204000330009104100080012408200210013210000550015324501060020826000390031430000420035350400180039565100300041370000360044394200120047999900170049195201400050831934BD-RjUL20211209051752.0140423s1908 stkc 001 0 eng d a(BD-RjUL)32023 aDLCcCarPdDLCdBD-RjULbeng aeng00a292.08bADR 19081 aAdam, James,d1860-1907. [from old catalog]99722914aThe religious teachers of Greece /cbeing Gifford lectures on natural religion delivered at Aberdeen, aEdinburgh :bT. & T. Clark,c1908. aLv, 467p. :bfront. (port.) ;c23 cm. aInclude index 0aGreece xReligion.9935761 aAdam, Adela Marion,eed.997230 2ddccBK c31934d31934 00102ddc40718NFICaRUCLbRUCLcReadingd1956-12-04eBlack wellg12.00l0o292.08 ADR 1908r2014-04-23 00:00:00tC-1w2014-04-23yBK